| 000 | 00759nam a2200229 a 4500 | ||
|---|---|---|---|
| 001 | 55481 | ||
| 003 | BD-RJUL | ||
| 005 | 20211209080254.0 | ||
| 008 | 161119s1967 pk h b 001 0 eng d | ||
| 035 | _a(BD-RJUL)55604 | ||
| 040 |
_aEXW _cEXW _dBD-RJUL _beng |
||
| 041 | _aeng | ||
| 082 |
_223 _a954.025 _bHAC 1967 |
||
| 090 |
_aJQ211 _b.I28 1967 |
||
| 100 | 0 |
_aHasan, Ibn _9165273 |
|
| 245 | 1 | 4 |
_aThe central structure of the Mughal empire and its practical working up to the year 1657 / _cIbn Hasan. With a foreword by Sir E. Denison Ross |
| 260 |
_aLahore : _bPakistan Branch, Oxford University Press, _c1967. |
||
| 300 |
_avi, 398 p. ; _c23 cm. |
||
| 500 | _aIncludes index | ||
| 651 | 0 |
_aMogul Empire _xPolitics and government _9165274 |
|
| 942 |
_2ddc _cBK |
||
| 999 |
_c55481 _d55481 |
||